000 00659cam a22002413a 4500
001 22367
003 PGUSA
005 20140828083457.0
008 070821s2007||||xxu|||||s|||||000 1 eng d
040 _aPGUSA
_beng
042 _adc
050 4 _aPT
100 1 _aKafka, Franz,
_d1883-1924
245 1 0 _aDie Verwandlung
_h[electronic resource] /
_cFranz Kafka
260 _bProject Gutenberg,
_c2007
506 _aPublic domain in the USA.
516 _aElectronic text
653 _aMetamorphosis -- Fiction
653 _aPsychological fiction
830 0 _aProject Gutenberg
_v22367
856 4 0 _uhttp://www.gutenberg.org/ebooks/22367
942 _cEB
999 _c251622
_d251622